000 00666nam a2200241Ia 4500
003 OSt
005 20220923220615.0
006 a|||||r|||| 00| 0
007 ta
008 220922b |||||||| |||| 00| 0 hin d
024 _a187,904
037 _cTextual
040 _aARTS
_cARTS
_bhin
041 _2hin
_ahin
082 _aV235PH:7'N, 152M0
100 _aअजय मित्र
245 0 _aअजंता
246 _aAjantā
260 _aनई दिल्ली
_b मैकमिलन
_c1980
300 _a162 पृ.
_ccm.
942 _hV235PH:7'N, 152M0
_cTEXL
_2CC
999 _c340980
_d340980